<?xml version="1.0" encoding="UTF-8"?>
<record
    xmlns:xsi="http://www.w3.org/2001/XMLSchema-instance"
    xsi:schemaLocation="http://www.loc.gov/MARC21/slim http://www.loc.gov/standards/marcxml/schema/MARC21slim.xsd"
    xmlns="http://www.loc.gov/MARC21/slim">

  <leader>02386nam a2200385Ia 4500</leader>
  <controlfield tag="001">dia_4919</controlfield>
  <controlfield tag="003">CHAP</controlfield>
  <controlfield tag="005">20250730182742.0</controlfield>
  <controlfield tag="007">ta</controlfield>
  <controlfield tag="008">220117s2010    mx abdof      001 0 spa d</controlfield>
  <datafield tag="040" ind1=" " ind2=" ">
    <subfield code="c">CHAP</subfield>
    <subfield code="a">mxchpua</subfield>
  </datafield>
  <datafield tag="090" ind1=" " ind2=" ">
    <subfield code="a">T.C.554 </subfield>
    <subfield code="b">S99 SAI </subfield>
    <subfield code="c">2010</subfield>
  </datafield>
  <datafield tag="245" ind1="1" ind2="0">
    <subfield code="a">Reporte de viaje de Sistemas Agroindustriales : </subfield>
    <subfield code="b">acuicultura y pesca en el estado de Yucat&#xE1;n /</subfield>
    <subfield code="c">coordinadora Rosa Guadalupe Szymanski Duque ; colaboradores Mar&#xED;a del Socorro Dom&#xED;nguez Cadena...[y otros]</subfield>
  </datafield>
  <datafield tag="260" ind1=" " ind2=" ">
    <subfield code="a">M&#xE9;xico :</subfield>
    <subfield code="b">El autor,</subfield>
    <subfield code="c">2010</subfield>
  </datafield>
  <datafield tag="300" ind1=" " ind2=" ">
    <subfield code="a">113 hojas : </subfield>
    <subfield code="b">ilustraciones, tablas, gr&#xE1;ficas, mapas, fotos </subfield>
  </datafield>
  <datafield tag="336" ind1=" " ind2=" ">
    <subfield code="2">rdacontent</subfield>
    <subfield code="a">texto</subfield>
    <subfield code="b">txt</subfield>
  </datafield>
  <datafield tag="337" ind1=" " ind2=" ">
    <subfield code="2">rdamedia</subfield>
    <subfield code="a">no mediado</subfield>
    <subfield code="b">n</subfield>
  </datafield>
  <datafield tag="338" ind1=" " ind2=" ">
    <subfield code="2">rdacarrier</subfield>
    <subfield code="a">volumen</subfield>
    <subfield code="b">nc</subfield>
  </datafield>
  <datafield tag="500" ind1=" " ind2=" ">
    <subfield code="a">Grado: 6&#xB0; a&#xF1;o </subfield>
  </datafield>
  <datafield tag="502" ind1=" " ind2=" ">
    <subfield code="a">Viaje de estudios </subfield>
    <subfield code="b">(SAI) -- </subfield>
    <subfield code="c">UACh. Departamento de Ingenier&#xED;a Agroindustrial, </subfield>
    <subfield code="d">2010</subfield>
  </datafield>
  <datafield tag="504" ind1=" " ind2=" ">
    <subfield code="a">Bibliograf&#xED;a: hojas 101-102</subfield>
  </datafield>
  <datafield tag="505" ind1="0" ind2="0">
    <subfield code="t">Empresas visitadas : --
1.Granja La Marca --
2. Unidad multidiciplinaria de docencia e investigaci&#xF3;n, Facultad de ciencias --
3. FIRA --
4. Cooperativa Hool Chakan - El Boquinete --
5. Secretar&#xED;a de Agricultura, Ganader&#xED;a, Desarrollo rural , Pesca y Alimentaci&#xF3;n (SAGARPA) --
6. Universidad Marista --
7. Federaci&#xF3;n de Sociedades Cooperativas dela Industria Pesquera Centro-poniente del estado de Yucat&#xE1;n--
8. Sociedad Cooperativa de Producci&#xF3;n Pesquera Manuel Cepeda Peraza --
9. Sociedad Cooperativa Pesquera del Cuyo --
10. Sociedad Cooperativa de Producci&#xF3;n Pesquera Pescadores Unidos de San Felipe --
11. Productos Oce&#xE1;nicos del Golfo de M&#xE9;xico, S. A. de C. V. --
12. Congeladora Arrollo, ubicada en Telchac, Yucat&#xE1;n --
13. Hulking, S. A. de C. V. --
14. Sociedad Cooperativa Koalita --
15. INPESMARI, S. A. de C. V. --
16. Unidad M&#xE9;rida del Centro de Investigaci&#xF3;n y de Estudios Avanzados (CINVESTAV)</subfield>
  </datafield>
  <datafield tag="650" ind1="1" ind2="3">
    <subfield code="a">Alimentos congelados  </subfield>
    <subfield code="9">4302</subfield>
  </datafield>
  <datafield tag="650" ind1="1" ind2="0">
    <subfield code="a">Industria pesquera</subfield>
    <subfield code="z">M&#xE9;xico</subfield>
    <subfield code="z">Yucat&#xE1;n  </subfield>
    <subfield code="9">152012</subfield>
  </datafield>
  <datafield tag="650" ind1="1" ind2="0">
    <subfield code="a">Fish industry</subfield>
    <subfield code="z">Mexico</subfield>
    <subfield code="z">Yucat&#xE1;n</subfield>
    <subfield code="9">152010</subfield>
  </datafield>
  <datafield tag="650" ind1="1" ind2="3">
    <subfield code="a">Frozen foods</subfield>
    <subfield code="9">147452</subfield>
  </datafield>
  <datafield tag="700" ind1="1" ind2=" ">
    <subfield code="a">Szymanski Duque, Rosa Guadalupe</subfield>
    <subfield code="9">151434</subfield>
    <subfield code="e">coordinadora</subfield>
  </datafield>
  <datafield tag="700" ind1="1" ind2=" ">
    <subfield code="a">Dom&#xED;nguez Cadena, Mar&#xED;a del Socorro</subfield>
    <subfield code="9">126506</subfield>
    <subfield code="e">colaboradora</subfield>
  </datafield>
  <datafield tag="901" ind1=" " ind2=" ">
    <subfield code="a">T.C.554 S99 SAI 2010</subfield>
  </datafield>
  <datafield tag="902" ind1=" " ind2=" ">
    <subfield code="a">M</subfield>
  </datafield>
  <datafield tag="905" ind1=" " ind2=" ">
    <subfield code="a">5232272010                          mx aml 8223223322spa16</subfield>
  </datafield>
  <datafield tag="942" ind1=" " ind2=" ">
    <subfield code="2">local</subfield>
  </datafield>
  <datafield tag="942" ind1=" " ind2=" ">
    <subfield code="c">VE</subfield>
  </datafield>
  <datafield tag="999" ind1=" " ind2=" ">
    <subfield code="c">175718</subfield>
    <subfield code="d">175718</subfield>
  </datafield>
  <datafield tag="952" ind1=" " ind2=" ">
    <subfield code="0">0</subfield>
    <subfield code="1">0</subfield>
    <subfield code="2">local</subfield>
    <subfield code="4">0</subfield>
    <subfield code="5">5</subfield>
    <subfield code="7">0</subfield>
    <subfield code="8">VE</subfield>
    <subfield code="a">IA_</subfield>
    <subfield code="b">IA_</subfield>
    <subfield code="d">2022-01-18</subfield>
    <subfield code="e">El autor</subfield>
    <subfield code="l">1</subfield>
    <subfield code="o">T.C.554 S99 SAI 2010</subfield>
    <subfield code="p">1106008991</subfield>
    <subfield code="r">2026-01-26 00:00:00</subfield>
    <subfield code="s">2024-04-11</subfield>
    <subfield code="t">Ej.4</subfield>
    <subfield code="w">2022-01-18</subfield>
    <subfield code="y">VE</subfield>
  </datafield>
  <datafield tag="952" ind1=" " ind2=" ">
    <subfield code="0">0</subfield>
    <subfield code="1">0</subfield>
    <subfield code="2">local</subfield>
    <subfield code="4">0</subfield>
    <subfield code="5">1</subfield>
    <subfield code="7">0</subfield>
    <subfield code="8">VE</subfield>
    <subfield code="a">IA_</subfield>
    <subfield code="b">IA_</subfield>
    <subfield code="d">2022-01-18</subfield>
    <subfield code="e">El autor</subfield>
    <subfield code="l">0</subfield>
    <subfield code="o">T.C.554 S99 SAI 2010</subfield>
    <subfield code="p">1106006759</subfield>
    <subfield code="r">2026-01-26 00:00:00</subfield>
    <subfield code="t">Ej.1</subfield>
    <subfield code="w">2022-01-18</subfield>
    <subfield code="y">VE</subfield>
  </datafield>
  <datafield tag="952" ind1=" " ind2=" ">
    <subfield code="0">0</subfield>
    <subfield code="1">0</subfield>
    <subfield code="2">local</subfield>
    <subfield code="4">0</subfield>
    <subfield code="5">5</subfield>
    <subfield code="7">0</subfield>
    <subfield code="8">VE</subfield>
    <subfield code="a">IA_</subfield>
    <subfield code="b">IA_</subfield>
    <subfield code="d">2022-01-18</subfield>
    <subfield code="e">El autor</subfield>
    <subfield code="l">1</subfield>
    <subfield code="o">T.C.554 S99 SAI 2010</subfield>
    <subfield code="p">1106006754</subfield>
    <subfield code="r">2026-01-26 00:00:00</subfield>
    <subfield code="s">2024-04-11</subfield>
    <subfield code="t">Ej.2</subfield>
    <subfield code="w">2022-01-18</subfield>
    <subfield code="y">VE</subfield>
  </datafield>
  <datafield tag="952" ind1=" " ind2=" ">
    <subfield code="0">0</subfield>
    <subfield code="1">0</subfield>
    <subfield code="2">local</subfield>
    <subfield code="4">0</subfield>
    <subfield code="5">5</subfield>
    <subfield code="7">0</subfield>
    <subfield code="8">VE</subfield>
    <subfield code="a">IA_</subfield>
    <subfield code="b">IA_</subfield>
    <subfield code="d">2022-01-18</subfield>
    <subfield code="e">El autor</subfield>
    <subfield code="l">0</subfield>
    <subfield code="o">T.C.554 S99 SAI 2010</subfield>
    <subfield code="p">1106006755</subfield>
    <subfield code="r">2026-01-26 00:00:00</subfield>
    <subfield code="t">Ej.3</subfield>
    <subfield code="w">2022-01-18</subfield>
    <subfield code="y">VE</subfield>
  </datafield>
  <datafield tag="952" ind1=" " ind2=" ">
    <subfield code="0">0</subfield>
    <subfield code="1">0</subfield>
    <subfield code="2">local</subfield>
    <subfield code="4">0</subfield>
    <subfield code="5">1</subfield>
    <subfield code="7">0</subfield>
    <subfield code="8">VE</subfield>
    <subfield code="a">IA_</subfield>
    <subfield code="b">IA_</subfield>
    <subfield code="d">2022-01-18</subfield>
    <subfield code="e">El autor</subfield>
    <subfield code="l">0</subfield>
    <subfield code="o">T.C.554 S99 SAI 2010</subfield>
    <subfield code="p">1106006760</subfield>
    <subfield code="r">2022-01-18 00:00:00</subfield>
    <subfield code="t">Ej.5</subfield>
    <subfield code="w">2022-01-18</subfield>
    <subfield code="y">CD</subfield>
  </datafield>
</record>
